ARRUPE JESUIT UNIVERSITY

CORONAVIRUS -STOP THE SPREAD - CLEAN,DISINFECT,COVER

A theory of economic sanctions / (Record no. 121354)

MARC details
000 -LEADER
fixed length control field 00780cam a22002655i 4500
001 - CONTROL NUMBER
control field 18317205
003 - CONTROL NUMBER IDENTIFIER
control field ARRUPE
005 - DATE AND TIME OF LATEST TRANSACTION
control field 20150324020007.0
008 - FIXED-LENGTH DATA ELEMENTS--GENERAL INFORMATION
fixed length control field 140926s2012 ko a b 000 0 eng
010 ## - LIBRARY OF CONGRESS CONTROL NUMBER
LC control number 2014467926
020 ## - INTERNATIONAL STANDARD BOOK NUMBER
International Standard Book Number 9788932242309
020 ## - INTERNATIONAL STANDARD BOOK NUMBER
International Standard Book Number 9788932240268 (set)
040 ## - CATALOGING SOURCE
Original cataloging agency DLC
Language of cataloging eng
Transcribing agency DLC
Description conventions rda
042 ## - AUTHENTICATION CODE
Authentication code pcc
050 ## - LIBRARY OF CONGRESS CALL NUMBER
Classification number JZ8373.
Item number H233 2012
300 ## - PHYSICAL DESCRIPTION
Other physical details illustrations ;
Dimensions 24 cm.
100 1# - MAIN ENTRY--PERSONAL NAME
Personal name Baran, Han.
9 (RLIN) 12955
245 12 - TITLE STATEMENT
Title A theory of economic sanctions /
Statement of responsibility, etc Baran Han.
260 ## - PUBLICATION, DISTRIBUTION, ETC. (IMPRINT)
Place of publication, distribution, etc Korea
Name of publisher, distributor, etc KIEP
Date of publication, distribution, etc 2012
300 ## - PHYSICAL DESCRIPTION
Extent 38 pages :
490 0# - SERIES STATEMENT
Series statement KIEP working paper ;
Volume number/sequential designation 12-03
504 ## - BIBLIOGRAPHY, ETC. NOTE
Bibliography, etc Includes bibliographical references (pages 37-38).
906 ## - LOCAL DATA ELEMENT F, LDF (RLIN)
a 0
b ibc
c orignew
d 3
e ncip
f 20
g y-gencatlg
942 ## - ADDED ENTRY ELEMENTS (KOHA)
Source of classification or shelving scheme Library of Congress Classification
Koha item type Monograph ( Printed materials)
Koha issues (borrowed), all copies 8
Holdings
Withdrawn status Lost status Source of classification or shelving scheme Damaged status Not for loan Collection code Home library Current library Shelving location Date acquired Total Checkouts Full call number Barcode Date last seen Date checked out Price effective from Koha item type
    Library of Congress Classification     Main Collection ARRUPE LIBRARY ARRUPE LIBRARY Main Collection 01/12/2014 8 JZ8373. H233 2012 46500001182 26/06/2018 23/03/2015 01/12/2014 Monograph ( Printed materials)

 

Arrupe Library. PO Box MP320 Mt Pleasant, Harare, Zimbabwe
263 242 745411|librarian@aju.ac.zw